| 000 | 00342nam a22001337a 4500 | ||
|---|---|---|---|
| 082 |
_a346.05 _bQAZ |
||
| 100 | _aQazi, Isaac Ali | ||
| 245 |
_aManual of Co-operative Societies Laws/ _cIsaac Ali Qazi |
||
| 260 |
_aLahore: _bInsaf Law House, _c2024. |
||
| 300 | _ax, 866p. ; | ||
| 563 | _aHB | ||
| 650 |
_aLaw _935302 |
||
| 942 |
_2ddc _cBK |
||
| 999 |
_c613093 _d613093 |
||